[Event "EU-ch U08 28th"]
[Site "Riga"]
[Date "2018.08.21"]
[Round "2"]
[White "Zverev, Lev"]
[Black "Ozen, Ilhami Goktug"]
[Result "0-1"]
[WhiteElo "1682"]
[BlackElo "1225"]
[PlyCount "80"]
[EventDate "2018.08.20"]
[EventType "swiss"]
[EventRounds "9"]
[EventCountry "LAT"]
[SourceTitle "CBM 186 Extra"]
[Source "ChessBase"]
[SourceDate "2018.08.24"]
[SourceVersion "1"]
[SourceVersionDate "2018.08.24"]
[SourceQuality "1"]

1. e4 e6 2. d4 d5 3. Nc3 Nf6 4. Bg5 Be7 5. e5 Nfd7 6. h4 0-0 7. Bd3 f6 8. exf6 Bxf6 9. Bxf6 Qxf6 10. Nf3 c5 11. Nb5 Nc6 12. c3 a6 13. Na3 e5 14. dxe5 Ndxe5 15. Be2 d4 16. Qd2 Bg4 17. Nxe5 Qxf2+ 18. Kd1 Nxe5 19. Bxg4 Nxg4 20. Re1 Ne3+ 21. Kc1 Qxh4 22. Nc2 Rf2 23. Re2 Raf8 24. Nxe3 dxe3 25. Qxe3 Rf1+ 26. Kc2 Rxa1 27. Qe6+ Kh8 28. Qd7 Qd8 29. Qxd8 Rxd8 30. Re7 Rxa2 31. Kb1 Ra4 32. Rxb7 Rg4 33. Ra7 Rxg2 34. Rxa6 h6 35. Rc6 Rd5 36. Rc8+ Kh7 37. Rc7 h5 38. Ka2 h4 39. Kb3 h3 40. Kc4 Rf5 0-1